Zákon o konkursu a vyrovnání.

Úprava právnych a ekonomických majetkových pomerov podnikateľa, ktorý sa dostane do úpadku, ako účel zákona o konkurze a vyrovnaní. Vymedzenie pojmov a popisu postupu. Správanie sa podnikov v súvislosti s týmto zákonom.

Saved in:
Bibliographic Details
Main Author: Beneš, L.
Format: Book Chapter
Language:Czech
Subjects:
Tags: Add Tag
No Tags, Be the first to tag this record!

MARC

LEADER 00000naa a2200000 4500
001 r006777
005 20221125081519.1
041 0 |a cze 
044 |a [CS] 
245 1 0 |a Zákon o konkursu a vyrovnání.  |c L. Beneš 
520 |a Úprava právnych a ekonomických majetkových pomerov podnikateľa, ktorý sa dostane do úpadku, ako účel zákona o konkurze a vyrovnaní. Vymedzenie pojmov a popisu postupu. Správanie sa podnikov v súvislosti s týmto zákonom. 
610 2 0 |a konkurzy 
610 2 0 |a podnikanie 
610 2 0 |a úpadok hospodársky 
610 2 0 |a predpisy právne 
610 2 0 |a zákony 
610 2 0 |a ČSFR 
610 2 0 |a likvidácia podniku 
100 1 |a Beneš, L.